Návrh a posúdenie dažďovej kanalizácie

Saved in:
Bibliographic Details
Main Author: Wassermann, Michal, 1986- (Author)
Other Authors: Stanko, Štefan, 1964- (Thesis advisor)
Format: Manuscript Book
Language:Slovak
Published: Bratislava : STU v Bratislave SvF, 2013
Subjects:
Online Access:VAIS
Tags: Add Tag
No Tags, Be the first to tag this record!

MARC

LEADER 00000ntm a22000003a 4500
001 stu271630
005 20150617230232.5
008 130719s2013----xo------------------slo-d
040 |a STU  |b slo 
041 0 |a slo 
044 |a xo 
100 1 |a Wassermann, Michal,  |d 1986-  |4 aut  |u V  |T SvF Stavebná fakulta  |X 67344  |U V  |Y 10  |7 A000067344 
242 0 0 |a The design of a rain sewer system and simulate the rain water discharge   |y eng 
245 1 |a Návrh a posúdenie dažďovej kanalizácie 
260 |a Bratislava :  |b STU v Bratislave SvF,  |c 2013 
650 7 |a Hydraulic and Water Resources Engineering  |2 estusub 
650 7 |a rain water  |2 estusub 
650 7 |a zrážky  |2 stusub 
650 7 |a modelovanie odtoku  |2 stusub 
700 1 |a Stanko, Štefan,  |d 1964-  |4 ths  |u V280  |U SvF Stavebná fakulta  |T SvF Katedra zdravotného inžinierstva  |X 2740  |U V280  |Y 29  |7 A000002740 
856 4 |a info a plný text  |u http://is.stuba.sk/zp/portal_zp.pl?podrobnosti=91891  |3 VAIS